Modeling of effective properties of composites with interfacial microcracks using PHA model

Bibliographic Details
Main Authors: Šejnoha, M. (Author), Srinivas, M. (Author)
Format: Article
Language:Slovak
English
PhysicalDescription:Obr., tab.
Subjects:

MARC

LEADER 00000nab a2200000 a 4500
001 vtls000665817
003 SK-MaSNL
005 20260304092130.0
008 250425c1998 xo 0 slo
015 |a SNBRB1998/06-16065 
035 |a CLN000018002 
035 |a urn:nbn:sk:snk-abi6j 
035 |a (urnnbn)urn:nbn:sk:snk:ar-a03ujk 
035 |a (uuid)67d5528b-cab8-410a-a335-0bb0f7bcc674 
040 |a SNKBUCL  |b slo  |c SNKBUCL  |e AACR2 
041 0 |a eng 
044 |a xo  |c SK 
080 |a 539.219.2:62-419  |2 1997 
080 |a 62-419  |2 1997 
100 1 |a Šejnoha, M.  |4 aut  |9 803264 
245 1 0 |a Modeling of effective properties of composites with interfacial microcracks using PHA model  |c M. Šejnoha, M. Srinivas 
300 |b Obr., tab. 
504 |a Bibliogr. odkazy 
650 0 7 |a materiály kompozitné  |x mikrotrhliny  |x modely PHA  |2 snkbucl  |9 1385450 
650 0 7 |a mikrotrhliny  |2 snkbucl  |9 1245137 
655 7 |a články z novín a časopisov  |2 snkbucl  |9 267496 
700 1 |a Srinivas, M.  |4 aut  |9 1385451 
773 0 |t Building research journal  |g Roč. 46, č. 2 (1998), s. 99-108 
850 |a Slovenská národná knižnica 
852 |a Slovenská národná knižnica 
958 |a article27 
958 |a NB 
958 |a OND 
958 |a EUIPO 
992 |a RBX 
999 |c 2818134  |d 2820064